Pokémon - Les attaques de Virovent - Statistiques

Statistiques générales
  • Ce quiz a été pris 9 fois
  • Le résultat moyen est 10 sur 15
Statistiques - réponses
Niveaux Types Noms des attaques % Correct
Départ Spectre Étonnement
100%
Niveau 40 Plante Giga-Sangsue
100%
Niveau 25 Plante Méga-Sangsue
100%
Niveau 13 Plante Balle Graine
80%
Niveau 21 Spectre Châtiment
80%
Niveau 45 Spectre Malédiction
80%
Niveau 55 Plante Mégafouet
80%
Départ Roche Roulade
80%
Niveau 5 Plante Vol-Vie
80%
Départ Normal Boul'Armure
60%
Niveau 35 Spectre Hantise
60%
Niveau 17 Insecte Harcèlement
40%
Niveau 50 Normal Balance
20%
Niveau 29 Normal Entrave
20%
Niveau 9 Normal Tour Rapide
20%
Aucun quiz correspondant
Distribution des résultats
% des personnes avec chaque résultat
Percentile par nombre de réponses
Votre historique - résultats
Vous n’avez pas pris ce quiz